[Event "Titled Tuesday intern op 30th May Early"]
[Site "Chess.com INT"]
[Date "2023.05.30"]
[Round "5"]
[White "Vitiugov, Nikita"]
[Black "Duda, Jan Krzysztof"]
[Result "0-1"]
[WhiteElo "2724"]
[BlackElo "2724"]
[PlyCount "102"]
[EventDate "2023.05.30"]
[EventType "swiss (blitz)"]
[EventRounds "11"]
[EventCountry "USA"]
[SourceTitle "CBM 214 Extra"]
[Source "ChessBase"]
[SourceDate "2023.07.31"]
[SourceVersion "1"]
[SourceVersionDate "2023.07.31"]
[SourceQuality "1"]

1. Nf3 Nf6 2. c4 g6 3. Nc3 d5 4. cxd5 Nxd5 5. Qa4+ Nc6 6. Ne5 Qd6 7. Nxc6 Qxc6 8. Qxc6+ bxc6 9. g3 Bg7 10. Bg2 Be6 11. a3 Rb8 12. 0-0 0-0 13. e3 Nxc3 14. bxc3 c5 15. a4 Bc4 16. Re1 Be5 17. Ba3 Bd6 18. d4 Rb3 19. Bxc5 Bxc5 20. dxc5 Rfb8 21. Rec1 e5 22. Bf1 Bxf1 23. Kxf1 Rb2 24. Kg2 R8b3 25. g4 Kf8 26. Kf3 Ke7 27. a5 Ke6 28. a6 Rb5 29. c4 Rxc5 30. h4 e4+ 31. Kg3 h5 32. gxh5 Rxh5 33. Rab1 Ra2 34. Ra1 Rxa1 35. Rxa1 Rc5 36. Rb1 Rc6 37. Rb7 Rxa6 38. Rxc7 Ra2 39. c5 a5 40. Ra7 a4 41. c6 a3 42. c7 Kd7 43. Kf4 Rxf2+ 44. Kxe4 a2 45. Kd3 f6 46. e4 Rh2 47. Ke3 Rh3+ 48. Kd4 Rxh4 49. Rxa2 f5 50. Kd5 Rxe4 51. Rc2 Re8 0-1

[Event "Titled Tuesday intern op 23rd May Early"]
[Site "Chess.com INT"]
[Date "2023.05.23"]
[Round "8"]
[White "Bacrot, Etienne"]
[Black "Vitiugov, Nikita"]
[Result "1-0"]
[WhiteElo "2667"]
[BlackElo "2724"]
[PlyCount "69"]
[EventDate "2023.05.23"]
[EventType "swiss (blitz)"]
[EventRounds "11"]
[EventCountry "USA"]
[SourceTitle "CBM 214 Extra"]
[Source "ChessBase"]
[SourceDate "2023.07.31"]
[SourceVersion "1"]
[SourceVersionDate "2023.07.31"]
[SourceQuality "1"]

1. e4 e5 2. Nf3 Nc6 3. Bb5 a6 4. Ba4 Nf6 5. 0-0 Be7 6. Re1 b5 7. Bb3 0-0 8. Nc3 d6 9. a4 b4 10. Nd5 Na5 11. Ba2 Nxd5 12. Bxd5 c6 13. Ba2 c5 14. c3 Rb8 15. Bd5 Be6 16. Bxe6 fxe6 17. d3 Qe8 18. Be3 Qc6 19. Qc2 bxc3 20. bxc3 Rb7 21. Qa2 c4 22. d4 Qxe4 23. dxe5 Nb3 24. Bg5 Qc6 25. Bxe7 Rxe7 26. exd6 Qxd6 27. Rad1 Qc6 28. Ne5 Qc7 29. Qe2 Rc8 30. h4 Qc5 31. Nxc4 Qxc4 32. Rd8+ Kf7 33. Qh5+ Kf6 34. Re3 g6 35. Qf3+ 1-0